000 02277nam a2200361 i 4500
003 DO-SdBNP
005 20251204073702.0
007 ta
008 210909e2017 a|||| |||| 001 0dspa d
040 _aDO-SdBNP
_bspa
_cBNPHU
_erda
041 _aspa
082 4 _a347.7293013
_bF897o
_222
100 1 _aFrías López, José Ramón,
_eautor
_4aut.
_979820
245 1 0 _aOrganización judicial en la República Dominicana desde 1844 :
_bestructura, composición y competencia /
_cJosé Ramón Frías López ; prólogo, Édynson Alarcón
264 1 _aSanto Domingo :
_bSerigraf,
_c2017.
300 _a521 páginas :
_bilustraciones, mapas ;
_c23 cm.
336 _atexto
_btxt
_2rdacontent
337 _asin mediación
_bn
_2rdamedia
338 _avolumen
_bnc
_2rdacarrier
500 _aIncluye referencias bibliográficas y notas al pie de las paginas.
504 _aBibliografía : páginas 513-516
505 0 _aPrimera parte generalidades--
_tCapítulo I. El Poder Judicial --
_tCapítulo II. Carrera Judicial --
_tCapítulo III. Ley organización judicial y su modificaciones --
_tCapítulo IV. Consejo Nacional de la Magistratura --
_tCapítulo V. Control constitucional --
505 _aSegunda parte. Organización judicial y sus modificaciones --
_tCapítulo VI. La Suprema Corte de Justicia --
_tCapítulo VII. El Consejo del Poder Judicial --
_tCapítulo VIII. Las Cortes de Apelación --
_tCapítulo IX. Los Juzgado de Primera Instancia --.
_tCapítulo X. Los Juzgados de Paz --
_tCapítulo XI. Las Jurisdicciones Especializadas --
_tCapítulo XII. El Tribunal Superior Electoral --
505 _aTercera parte. Otros órganos relacionados al Poder Judicial
_tCapítulo XIII. El Ministerio Público --
_tCapítulo XIV. La Oficina Nacional de la Defensa Pública --
_tCapítulo XV. El Defensor del Pueblo --
_tAnexo.
590 _aInventariado, 2021 /SA
590 _aLa biblioteca posee 1 ejemplar autografiado por el autor
650 4 _aPoder judicial
_zRepública Dominicana
_979821
650 4 _aTribunales
_zRepública Dominicana
_y1844
_979822
650 0 _aAdministración de justicia
_zRepública Dominicana.
_y1844
_910083
700 _aAlarcón, Edynson,
_eprologuista
_4pr.
_979836
910 _asaquino/Validado. Control de calidad MFF
942 _2ddc
_cLBS1
999 _c50467
_d50467